Представление документа в формате MARC21

Поле Инд. ПП Название Значение
Тип записи a
Библиографический уровень m
001 Контрольный номер RU/LIBMSTU/283598576
005 Дата корректировки 20190909153334.4
008 Кодируемые данные 090113|||||||||ru |||||||||||000|||rus||
020 a ISBN 978-5-238-01547-7
c Цена, тираж 320-00
040 b Код языка каталог. rus
041 0_ a Код языка текста rus
084 a Индекс другой классификации/Индекс ББК 65.291.9-21я7
090 a Полочн. индекс 65.291.9
x Авторский знак Н 65
100 1_ a Автор Никулина Н. Н.
245 10 a Заглавие Финансовый менеджмент организации
b Продолж. заглавия теория и практика : учеб. пособие для вузов
260 a Место издания Москва
b Издательство Юнити-Дана
c Дата издания 2009
300 a Объем 511 с.
b Иллюстрации/ тип воспроизводства ил.
504 a Библиография Библиогр.: с. 505-507
650 04 a Основная рубрика Финансовый менеджмент-Учебные издания для высших учебных заведений
653 0_ a Ключевые слова Менеджмент финансовый
653 1_ a Ключевые слова Организации
653 1_ a Ключевые слова Управление финансами
653 1_ a Ключевые слова Управление рисками
653 1_ a Ключевые слова Управление капиталом
653 1_ a Ключевые слова Управление денежными потоками
653 1_ a Ключевые слова Планирование финансовое
653 1_ a Ключевые слова Планирование налоговое
653 1_ a Ключевые слова Антикризисное управление организациями
653 0_ a Ключевые слова Менеджмент
700 12 a Другие авторы Суходоев Д. В.
700 1_ a Другие авторы Эриашвили Н. Д.
901 t Тип документа m
952 b Гриф литературы для ВШ Рекомендовано УМЦ "Профессиональный учебник"
c Вид литературы учебное пособие